| 000 | 01437nam a2200301 a 4500 | ||
|---|---|---|---|
| 001 | BRCA_2414 | ||
| 005 | 20190320203810.0 | ||
| 008 | 131108s1750----sp-a---###---#000-0#spa-u | ||
| 041 | _aspa | ||
| 044 | _asp | ||
| 084 |
_a055 _b.A46 _c1750 |
||
| 100 | 1 |
_aCervantes Saavedra, Miguel de _d1547-1616 _9213 |
|
| 245 | 1 | 0 |
_aVida y hechos del Ingenioso Cavallero Don Quixote de la Mancha _ccompuesto por Miguel de Cervantes Saavedra. |
| 260 |
_aMadrid _bPedro Alonso y Padilla _c1750 |
||
| 300 |
_a2 v. _bil. _c21 cm. |
||
| 500 | _aContenido : v 1. Primera parte. Dedicatoria a D. Quijote por Cide Hamete Benengeli. Suma de la Licencia y de la tasa. Prólogo del autor. Texto. -- v 2. | ||
| 500 | _aEdición : Nueva edición corregida, ilustrada y añadida con 44 láminas muy apropiadas a la materia. Dedicada al mismo Don Quixote por su Chronista | ||
| 500 | _aSe basa en la edición de Juan de S. Martín de 1741, de la cual están tomadas la láminas. La parte tipográfica es mala Lúdovik Osterc | ||
| 500 | _aExistencias : El ejemplar descrito carece del volumen 2 | ||
| 500 | _aQM41 | ||
| 650 | 1 | 4 |
_aNovela española _yÉpoca clásica, 1500-1700 _9215 |
| 650 | 1 | 4 |
_aLiteratura española _yÉpoca clásica, 1500-1700 _9216 |
| 650 | 1 | 4 |
_aNovela española _ySiglo XVII _9217 |
| 650 | 1 | 4 |
_aDon Quijote (Personaje ficticio) _eNovela _9218 |
| 740 | 0 | _aEl Ingenioso Hidalgo Don Quijote de la Mancha | |
| 902 | _aQFM | ||
| 942 |
_2lcc _cB |
||
| 999 |
_c2155 _d2155 |
||